000
00321nam a2200121Ia 4500
008
190415s9999 xx 000 0 und d
082
_a
RI.001;
100
_a
Punjabrao Agricultural Univers
245
0
_a
Integrated Rural Develoopment Project (IRD) Chandrapur, Maharashtra
260
_c
0
300
_a
v.p.
942
_c
BK
999
_c
15816
_d
15816